Normal view
MARC view
Entry Personal Name
001 - CONTROL NUMBER
- control field: 35316
003 - CONTROL NUMBER IDENTIFIER
- control field: OSt
005 - DATE AND TIME OF LATEST TRANSACTION
- control field: 20160129130706.0
008 - FIXED-LENGTH DATA ELEMENTS
- fixed length control field: 160129|| aca||aabn | a|a d
040 ## - CATALOGING SOURCE
- Original cataloging agency: OSt
- Transcribing agency: OSt
100 ## - HEADING--PERSONAL NAME
- Personal name: Lipschutz Seymour
670 ## - SOURCE DATA FOUND
- Source citation: Work cat.: (OSt): Lipschutz Seymour , Theory & Problems Of Data Structures , 2002









